| 000 | 00000nam 2200000za 4500 |
| 001 | 9.840359 |
| 003 | CaOODSP |
| 005 | 20221107151825 |
| 007 | cr ||||||||||| |
| 008 | 170726q2015 onc |o f|0| 0 fre d |
| 040 | |aCaOODSP|bfre |
| 043 | |an-cn--- |
| 086 | 1 |aH164-214/2015F-PDF |
| 245 | 00|aMangez de meilleurs plats en apprenant à lire les étiquettes |h[ressource électronique]. |
| 260 | |a[Ottawa?] : |bSanté Canada, |c[2015?] |
| 300 | |a[1] p. |
| 500 | |aPubli. aussi en anglais sous le titre : Label savvy ways to eat better meals. |
| 500 | |aTitre de départ. |
| 692 | 07|2gccst|aÉtiquetage des aliments |
| 710 | 1 |aCanada. |bSanté Canada. |
| 775 | 08|tLabel savvy ways to eat better meals |w(CaOODSP)9.840357 |
| 856 | 40|qPDF|s428 Ko|uhttps://publications.gc.ca/collections/collection_2017/sc-hc/H164-214-2015-fra.pdf |